Technology and scholarly communication /

Hlavní autor: Ekman, Richard, 1930-
Další autoři: Quandt, Richard E., 1930-
Jazyk: Angličtina
Vydáno: Berkeley : University of California Press, c1999
Témata:
Fyzický popis: xi, 442 s. ; 23 cm
Knihy
Uloženo v:
LEADER 00962nam a2200265 a 4500
001 000217045
003 CZ BrMZK
005 20140602133540.0
008 991216s1999 xxu f eng d
020 |a 0-520-21763-2 
040 |a BOA001  |b cze 
080 |a 681.3:655  |2 MRF 
080 |a 026/027:681.3  |2 MRF 
080 |a 655:681.3  |2 MRF 
080 |a 681.3:026/027  |2 MRF 
100 1 |a Ekman, Richard,  |d 1930-  |7 mzk2014823267  |4 aut 
245 1 0 |a Technology and scholarly communication /  |c edited by Richard Ekman, Richard E. Quandt. 
260 |a Berkeley :  |b University of California Press,  |c c1999 
300 |a xi, 442 s. ;  |c 23 cm 
500 |a Bibliogr. - Rejstř. 
653 0 |a elektronické knihovny  |a elektronické publikování  |a elektronické časopisy 
700 1 |a Quandt, Richard E.,  |d 1930-  |7 jn20000604536 
910 |a BOA001  |b TK-0265.354 
990 |a BK 
996 7 |b 2620015366  |c TK-0265.354  |l MZK  |r Sklad / do 24 hodin  |n 2  |p dar  |w 000217045  |u 000010  |a 1  |e BOA001  |j MZK50  |s A